01012cam a22002531 4500001001300000003000400013005001700017008004100034010002200075040004100097043001200138050002200150051002500172100004800197245011100245260004300356300010600399490005100505650003800556650004100594700005100635700005500686999001700741gs 15000667 DLC20260227111318.0800124s1915 dcuabf 00010 eng c ags 15000667 //r95 aU.S. Geol. survey. LibrarycDLCdDLC an-us-ak00aQE75b.B9 no. 587 aQE84.K4bM3cCopy 2.10aMartin, G. C.q(George Curtis),d1875-1943.00aGeology and mineral resources of Kenai peninsula, Alaska,cby G. C. Martin, B. L. Johnson and U. S. Grant.0 aWashington,bGovt. print. off.,c1915. a243 p.billus., plates (part fold.) fold. maps (3 in pocket) fold. tab., diagrs. (part fold.)c25 cm.0 aUnited States. Geological survey. Bulletin 587 0aGeologyzAlaskazKenai peninsula. 0aMines and mineral resourceszAlaska.10aJohnson, Bertrand Leroy,d1882-ejoint author.10aGrant, Ulysses Sherman,d1867-1932,ejoint author. c25561d25561